25/ Calendrier de l'Avent - Ca s'est passé un 25 décembre - Statistiques

Statistiques générales
  • Ce quiz a été pris 10 fois
  • Le résultat moyen est 10 sur 24
Statistiques - réponses
Année Indice Réponse % Correct
vers 498 Baptême de ce roi franc Clovis
100%
1758 La comète portant son nom fait son apparition à la date prévue par cet astronome Halley
100%
800 Couronnement de cet empereur à Rome Charlemagne
89%
1952 Naissance de cette chanteuse française qui aime voyager, voyager Desireless
78%
1953 Première transplantation de cet organe Rein
78%
1977 Décès de Charlot (2 mots) Charlie Chaplin
67%
1991 Ce dirigeant soviétique démissionne Gorbatchev
67%
1920 Ce parti est créé au congrès de Tours (2 mots) Parti Communiste
67%
537 Une basilique consacrée à cette sainte est inaugurée à Constantinople Sophie
67%
1931 Naissance de cette complice de Guy Lux (2 mots) Simone Garnier
56%
1916 Ce vainqueur de la Marne est nommé maréchal de France Joffre
44%
1797 Ce futur souverain est élu à l'Institut (2 mots) Napoléon Bonaparte
44%
1983 Décès de ce peintre catalan (2 mots) Joan Miro
33%
1918 Naissance de ce président égyptien assassiné en 1981 Anouar-el-Sadate
22%
1927 Naissance de ce PDG de Renault assassiné en 1986 (2 mots) Georges Besse
22%
1066 Couronnement du nouveau roi d'Angleterre et de sa femme prénommés (2 prénoms) Guillaume Mathilde
22%
1899 Naissance de cet acteur américain décédé en 1957 - Initiales HB (2 mots) Humphrey Bogart
11%
1100 Baudouin de Boulogne est couronné roi de Jérusalem
11%
1599 Fondation de la ville brésilienne de Natal
11%
1902 Naissance de ce peintre américain expressionniste abstrait Pollock
11%
875 Couronnement de ce roi de Francie comme empereur d'occident Charles II
0%
604 Victoire de Thierry II sur Clotaire II à Etampes
0%
820 Assassinat d'un empereur byzantin nommé... Léon V
0%
354 Ce pape fixe la date de naissance du Christ au 25 décembre Libère
0%
Aucun quiz correspondant
Distribution des résultats
% des personnes avec chaque résultat
Percentile par nombre de réponses
Votre historique - résultats
Vous n’avez pas pris ce quiz